000 04076cam a22006977a 4500
001 000002574
003 CHAP
005 20220817040916.0
008 971013m1986 mx r o00110 spa d
010 _a2525
011 _a3497
035 _a2697
040 _cCHAP
082 0 4 _a317.2
_bM4 Q.R.
110 2 _aInstituto Nacional de Estadística, Geografía e Informática. México
_959304
245 1 0 _aAnuario estadístico del estado de Quintana Roo /
_c/por Instituto Nacional de Estadística Geografía e Informática.
260 _aMéxico, D. F. :
_bInstituto Nacional de Estadística, Geografía e Informática,
_c1986-.
300 _av.
500 _ac. de : Manual de estadísticas básicas
500 _aLa biblioteca tiene : 1986, 1991, 1993, 1994, 1995, 1996, 1997, 1998, 2000, 2001, 2002, 2003, 2004, 2005, 2006, 2007, 2008, 2010, 2011, 2012
590 _aBATCH-UPD
_b10
_c20130110
_lUCH01
_h0036
590 _aBATCH-UPD
_b10
_c20130110
_lUCH01
_h2048
590 _aBATCH-UPD
_b10
_c20130410
_lUCH01
_h1401
590 _aBATCH-UPD
_b10
_c20130913
_lUCH01
_h2116
590 _aCONVERSION
_b10
_c20130109
_lUCH01
_h1303
590 _aE5995AHE
_b05
_c20131107
_lUCH01
_h1054
650 1 4 _aAgricultura
_xEstadisticas
_xQuintana Roo.
_91442
650 1 4 _aAgricultura
_xQuintana Roo.
650 1 4 _aGanadería
_xEstadísticas
_zQuintana Roo.
_944723
650 1 4 _aQuintana Roo
_xEstadísticas.
_993377
901 _aBK
942 _cLIBRO
942 _n0
949 _a314.2 M4 Q.R.
_bBC
_cINEGI
_d33724000700662
_eINEGI
_f1997 c.2
_h93863
_i2697
_sb
949 _a317.2 M4 Q.R.
_bBC
_cINEGI
_d33724000486932
_eINEGI
_f1993 c.2
_h85018
_i2697
_si
_t280.00
949 _a317.2 M4 Q.R.
_bBC
_cINEGI
_d33724000490215
_eINEGI
_f1991 c.2
_h82624
_i2697
_si
_t280.00
949 _a317.2 M4 Q.R.
_bBC
_cINEGI
_d33724000528402
_eINEGI
_f1986 c.2
_gI.c/e
_h80964
_i2697
_si
_t280.00
949 _a317.2 M4 Q.R.
_bBC
_cINEGI
_d33724000528790
_eINEGI
_f1991
_h82623
_i2697
_si
_t280.00
949 _a317.2 M4 Q.R.
_bBC
_cINEGI
_d33724000536652
_eINEGI
_f1986
_gI.c/e
_h80963
_i2697
_si
_t280.00
949 _a317.2 M4 Q.R.
_bBC
_cINEGI
_d33724000580809
_eINEGI
_f1999
_gI.c/e
_h98061
_i2697
_sb
949 _a317.2 M4 Q.R.
_bBC
_cINEGI
_d33724000593406
_eINEGI
_f1996 c.2
_h92845
_i2697
_kDonaciØn
_sb
949 _a317.2 M4 Q.R.
_bBC
_cINEGI
_d33724000593414
_eINEGI
_f1997
_gI.c/e
_h92846
_i2697
_sb
949 _a317.2 M4 Q.R.
_bBC
_cINEGI
_d33724000609012
_eINEGI
_f1993
_h85017
_i2697
_si
_t280.00
949 _a317.2 M4 Q.R.
_bBC
_cINEGI
_d33724000618872
_eINEGI
_f1995
_h91130
_i2697
_si
_t280.00
949 _a317.2 M4 Q.R.
_bBC
_cINEGI
_d33724000626180
_eINEGI
_f1996
_h91411
_i2697
_si
_t60.00
949 _a317.2 M4 Q.R.
_bBC
_cINEGI
_d33724000717286
_eINEGI
_f1998
_gI.c/e
_h95184
_i2697
_sb
_t90.00
949 _a317.2 M4 Q.R.
_bBC
_cINEGI
_d33724000731022
_eINEGI
_f1994
_h88790
_i2697
_si
_t280.00
949 _a317.2 M4 Q.R.
_bBC
_cINEGI
_d33724000790812
_eINEGI
_f2000
_h99342
_i2697
_kDonaciØn
_sb
949 _a317.2 M4 Q.R.
_bBC
_cINEGI
_d33724000843165
_eINEGI
_f1995 c.2
_gDonaciØn
_h101152
_i2697
_sb
_t280.00
949 _a317.2 M4 Q.R.
_bBC
_cINEGI
_d33724000849428
_eINEGI
_f2001
_gDonaciØn
_h102793
_i2697
_sb
949 _a317.2 M4 Q.R.
_bBC
_cINEGI
_d33724000873949
_eINEGI
_f2002
_gDonaciØn
_h103334
_i2697
_sb
949 _a317.2 M4 Q.R.
_bBC
_cINEGI
_d33724000912309
_eINEGI
_f2003
_gDonaciØn
_h104176
_i2697
_sb
949 _a317.2 M4 Q.R.
_bBC
_cINEGI
_d33724000954053
_eINEGI
_f2004
_gDonaciØn
_h105257
_i2697
_sb
949 _a317.2 M4 Q.R.
_bBC
_cINEGI
_d33724000972980
_eINEGI
_f2005
_gDonaciØn
_h107488
_i2697
_sb
949 _a317.2 M4 Q.R.
_bBC
_cINEGI
_d33724000998530
_eINEGI
_f2006
_gDonaciØn
_h108264
_i2697
_sb
949 _a317.2 M4 Q.R.
_bBC
_cINEGI
_d33724002065009
_eINEGI
_f2007
_gDonaciØn
_h109696
_i2697
_sb
949 _a317.2 M4 Q.R.
_bBC
_cINEGI
_d33724002095538
_eINEGI
_f2008
_gDonaciØn
_h111860
_i2697
_sb
949 _a317.2 M4 Q.R.
_bBC
_cINEGI
_d33724002136941
_eINEGI
_f2009
_gDonaciØn
_h113242
_i2697
_sb
949 _a317.2 M4 Q.R.
_bBC
_cINEGI
_d33724002224892
_eINEGI
_f2010
_gDonaciØn
_h113802
_i2697
_sb
949 _a317.2 M4 Q.R.
_bBC
_cINEGI
_d33724002318405
_eINEGI
_f2011
_h116168
_i2697
_sb
999 _c2525
_d2525